000
00339 a2200145 4500
001
151364
040
_c
Escola São Tomás de Aquino
100
_a
IACOCCA, Liliana
240
1
0
_a
Cristóvão e o pescador
_l
por
245
1
0
_a
Cristóvão e o pescador
300
_a
48
440
1
_a
Moderna
697
_a
*LITERATURA INFANTO
942
_c
BK
999
_c
151364
_d
151364